000 00664nam a2200289Ia 4500
005 20260324134302.0
008 008 260324s9999 xx 000 0 eng d
020 _a9781315841953
037 _aEBOOK
040 _aCRL
040 _beng
040 _cCRL
041 _2eng
041 _aeng
084 _qCRL
100 _aLee McGowan
_91059689
245 4 _aThe Radical Right in Germany
245 0 _b1870 to the Present
260 _bTaylor and Francis
260 _c2002
365 _a
365 _b300
856 _uhttp://www.taylorfrancis.com/books/9781315841953
942 _cEBOOK
999 _c1796169
_d1796169